Refranes y dichos #8 - Estadísticas

Estadísticas generales
  • Esta prueba ha sido intentada 380 veces
  • La puntuación promedio es 16 de 20
Estadísticas de respuestas
Hint Respuesta % Correcto
saberse algo de pe a __ pa
100%
hablar por los _____ codos
97%
seguir erre que _____ erre
97%
hablando del rey de ____ Roma
96%
en menos que canta un _____ gallo
95%
éramos pocos y... parió la abuela
94%
estar al pie del _____ cañón
92%
írsele el santo al ______ cielo
88%
estar chapado a la _______ antigua
85%
jugar a dos ______ bandas / barajas
85%
despacito y con... buena letra
83%
echar un jarro de... agua fría
80%
desenterrar el hacha de ______ guerra
78%
las cosas claras y el chocolate ______ espeso / oscuro
73%
guardar como oro en ____ paño
73%
ser de armas _____ tomar
73%
ir de punta en ______ blanco
72%
¡dichosos los ____! ojos
72%
fumar la pipa de... la paz
61%
dársela a alguien con _____ queso
27%
No se encontraron pruebas coincidentes
Distribución de puntuación
Porcentaje de gente con cada puntuación
Porcentaje por número respondido
Historial de tus puntuaciones
No has intentado esta prueba.